🌍 Pays du monde à l’aveugle sur une carte - Statistiques

Statistiques générales
  • Ce quiz a Ă©tĂ© pris 168 fois
    42 depuis la dernière actualisation
  • Le rĂ©sultat moyen est 134 sur 197
Réponses sur la Carte
Les réponses sont colorées sur une échelle allant du rouge au vert en fonction du pourcentage des utilisateurs qui les ont devinées à leur premier essai. Vous pouvez retrouver ces pourcentages ci-dessous.
 
Statistiques - réponses
Réponse % Correct
Canada
96%
États-Unis
96%
Mexique
96%
Allemagne
92%
Argentine
92%
Bolivie
92%
Brésil
92%
Chili
92%
France
92%
Italie
92%
Paraguay
92%
Chine
88%
Colombie
88%
Danemark
88%
Guatemala
88%
Inde
88%
Kazakhstan
88%
Mongolie
88%
Portugal
88%
Russie
88%
Uruguay
88%
Autriche
85%
Belgique
85%
Espagne
85%
Finlande
85%
Hongrie
85%
Norvège
85%
Pérou
85%
Pologne
85%
Roumanie
85%
Royaume-Uni
85%
Suède
85%
Suisse
85%
Ukraine
85%
Algérie
81%
Biélorussie
81%
Bulgarie
81%
Costa Rica
81%
Croatie
81%
Égypte
81%
Grèce
81%
Guyana
81%
Islande
81%
Japon
81%
Luxembourg
81%
Maroc
81%
Moldavie
81%
Nicaragua
81%
République tchèque
81%
Suriname
81%
ThaĂŻlande
81%
Turquie
81%
Venezuela
81%
Afrique du Sud
77%
Albanie
77%
Belize
77%
Corée du Nord
77%
Corée du Sud
77%
Cuba
77%
Indonésie
77%
Lettonie
77%
Libye
77%
Lituanie
77%
Mali
77%
Ouzbékistan
77%
Panama
77%
Pays-Bas
77%
Slovaquie
77%
Slovénie
77%
Afghanistan
73%
Andorre
73%
Arabie saoudite
73%
AzerbaĂŻdjan
73%
Bosnie-Herzégovine
73%
Estonie
73%
Géorgie
73%
Irak
73%
Iran
73%
Irlande
73%
Laos
73%
Macédoine du Nord
73%
Monaco
73%
Monténégro
73%
Népal
73%
Pakistan
73%
Saint-Marin
73%
Salvador
73%
Sénégal
73%
Tunisie
73%
Turkménistan
73%
Arménie
69%
Australie
69%
Bahamas
69%
Burkina Faso
69%
Chypre
69%
Équateur
69%
Éthiopie
69%
Honduras
69%
Israël
69%
Kirghizistan
69%
Liechtenstein
69%
Oman
69%
Tadjikistan
69%
ViĂŞt Nam
69%
Birmanie
65%
Côte d’Ivoire
65%
Dominique
65%
Émirats arabes unis
65%
Grenade
65%
HaĂŻti
65%
JamaĂŻque
65%
Kosovo
65%
Malte
65%
Mauritanie
65%
Niger
65%
Nigeria
65%
République dominicaine
65%
Saint-Christophe-et-Niévès
65%
Serbie
65%
Soudan
65%
Syrie
65%
Tchad
65%
Trinité-et-Tobago
65%
Vatican
65%
Zimbabwe
65%
Barbade
62%
Érythrée
62%
Guinée
62%
Guinée équatoriale
62%
KoweĂŻt
62%
Malaisie
62%
Philippines
62%
Qatar
62%
Sainte-Lucie
62%
Somalie
62%
Yémen
62%
Zambie
62%
Angola
58%
Antigua-et-Barbuda
58%
Bénin
58%
Bhoutan
58%
Cambodge
58%
Cameroun
58%
Guinée-Bissau
58%
Jordanie
58%
Kenya
58%
Namibie
58%
Nouvelle-Zélande
58%
Saint-Vincent-et-les-Grenadines
58%
Soudan du Sud
58%
Sri Lanka
58%
TaĂŻwan
58%
Tanzanie
58%
Togo
58%
BahreĂŻn
54%
Bangladesh
54%
Botswana
54%
Burundi
54%
Cap-Vert
54%
Comores
54%
Eswatini
54%
Ghana
54%
Lesotho
54%
Libéria
54%
Madagascar
54%
Mozambique
54%
Ouganda
54%
Papouasie-Nouvelle-Guinée
54%
République centrafricaine
54%
Rwanda
54%
Brunei
50%
Djibouti
50%
Gambie
50%
Liban
50%
Maldives
50%
Palaos
50%
Salomon
50%
Samoa
50%
Sierra Leone
50%
Singapour
50%
Timor oriental
50%
Tuvalu
50%
Vanuatu
50%
Fidji
46%
Gabon
46%
Kiribati
46%
Micronésie
46%
Nauru
46%
São Tomé-et-Principe
46%
Tonga
46%
Malawi
42%
Maurice
42%
Seychelles
42%
Marshall
35%
Palestine
31%
Congo-Brazzaville
12%
Congo-Kinshasa
12%
Aucun quiz correspondant
Distribution des résultats
% des personnes avec chaque résultat
Percentile par nombre de réponses
Votre historique - résultats
Vous n’avez pas pris ce quiz depuis la dernière actualisation